LEADER 00839nam0-22003131i-450- 001 990000629580403321 005 20001010 035 $a000062958 035 $aFED01000062958 035 $a(Aleph)000062958FED01 035 $a000062958 100 $a20001010d--------km-y0itay50------ba 101 0 $aita 105 $ay-------001yy 200 1 $a<>CONTRIBUTION TO THE VECTOR AND TENSOR ANALYSIS$fZLATKO J. 210 $as.l.$cs.e.$ds.d. 610 0 $aDinamica 610 0 $aStress waves. 610 0 $aVibrazioni 610 0 $aMeccanica 700 1$aZlatko,$bJankovic$0342220 801 0$aIT$bUNINA$gRICA$2UNIMARC 901 $aBK 912 $a990000629580403321 952 $a07 G-192 MU.$b5101$fDINSC 959 $aDINSC 996 $aCONTRIBUTION TO THE VECTOR AND TENSOR ANALYSIS$9315492 997 $aUNINA DB $aING01 LEADER 03858oam 2200997I 450 001 9910450254803321 005 20210111123326.0 010 $a0-203-13146-0 010 $a1-280-32973-4 010 $a0-203-16963-8 010 $a1-134-85299-1 010 $a9786610329731 024 7 $a10.4324/9780203131466 035 $a(CKB)1000000000247792 035 $a(EBL)165469 035 $a(OCoLC)57072071 035 $a(SSID)ssj0000103751 035 $a(PQKBManifestationID)11121916 035 $a(PQKBTitleCode)TC0000103751 035 $a(PQKBWorkID)10070800 035 $a(PQKB)11655464 035 $a(MiAaPQ)EBC165469 035 $a(EXLCZ)991000000000247792 100 $a20180706d2000 uy 0 101 0 $aeng 135 $aur|n|---||||| 181 $ctxt 182 $cc 183 $acr 200 10$aAnna Freud $ea view of development, disturbance, and therapeutic techniques /$fRose Edgcumbe 210 1$aLondon ;$aNew York :$cRoutledge,$d2000. 215 $a1 online resource (241 p.) 225 1 $aMakers of Modern Psychotherapy 300 $aDescription based upon print version of record. 311 $a0-415-10200-6 311 $a0-415-10199-9 320 $aIncludes bibliographical references (pages [214]-228) and index. 327 $aBook Cover; Title; Contents; Acknowledgements; Introduction: three questions about Anna Freud's work; The basic theory; Observation; Theories and techniques: controversies and repercussions; Frameworks, institutional, informational and theoretical: the developmental point of view; The developmental lines, further elaboration of developmental theory and later applications; Psychopathology and therapeutic technique; Conclusions: the legacy; Glossary; Chronology; Bibliography; Index 330 $aAnna Freud, daughter of Sigmund, made many original contributions to psychoanalytic theory and child development, and yet much of her work remains relatively unknown. In this book, Rose Edgcumbe seeks to redress the situation. Taking a fresh look at Anna Freud's theories and techniques from a clinical and critical viewpoint, and the controversy they caused, she highlights how Anna Freud's work is still relevant and important to the problems of today's society, such as dysfunctional families, child delinquency and violence. It also plays a vital role in recent developments in therapeutic te 410 0$aMakers of Modern Psychotherapy 606 $aChild analysis 606 $aChild analysis 606 $aFreud, Anna 606 $aFreud, Anna 606 $aChild analysis 606 $aPsychiatry 606 $aAge Groups 606 $aPersons 606 $aBehavioral Sciences 606 $aMedicine 606 $aBehavioral Disciplines and Activities 606 $aHealth Occupations 606 $aChild Psychiatry 606 $aPsychoanalysis 606 $aChild 606 $aMedicine$2HILCC 606 $aHealth & Biological Sciences$2HILCC 606 $aNeurology$2HILCC 608 $aElectronic books. 615 4$aChild analysis. 615 4$aChild analysis. 615 4$aFreud, Anna. 615 4$aFreud, Anna. 615 0$aChild analysis 615 2$aPsychiatry 615 2$aAge Groups 615 2$aPersons 615 2$aBehavioral Sciences 615 2$aMedicine 615 2$aBehavioral Disciplines and Activities 615 2$aHealth Occupations 615 2$aChild Psychiatry 615 2$aPsychoanalysis 615 2$aChild 615 7$aMedicine 615 7$aHealth & Biological Sciences 615 7$aNeurology 676 $a155.4 676 $a618.92/8917 700 $aEdgcumbe$b Rose$f1934-,$0927449 801 0$bFlBoTFG 801 1$bFlBoTFG 906 $aBOOK 912 $a9910450254803321 996 $aAnna Freud$92083864 997 $aUNINA LEADER 03492nam 22007454a 450 001 9910819126903321 005 20200520144314.0 010 $a9786610275281 010 $a9781523130719 010 $a1523130717 010 $a9781280275289 010 $a1280275286 010 $a9780470361733 010 $a0470361735 010 $a9780471681830 010 $a0471681830 010 $a9781601193865 010 $a1601193866 010 $a9780471681847 010 $a0471681849 035 $a(CKB)1000000000019152 035 $a(EBL)225809 035 $a(OCoLC)228124295 035 $a(SSID)ssj0000071709 035 $a(PQKBManifestationID)11107226 035 $a(PQKBTitleCode)TC0000071709 035 $a(PQKBWorkID)10091382 035 $a(PQKB)11628250 035 $a(MiAaPQ)EBC225809 035 $a(Au-PeEL)EBL225809 035 $a(CaPaEBR)ebr10114115 035 $a(CaONFJC)MIL27528 035 $a(OCoLC)57679579 035 $a(PPN)177055065 035 $a(Perlego)2757367 035 $a(EXLCZ)991000000000019152 100 $a20040226d2005 uy 0 101 0 $aeng 135 $aur|n|---||||| 181 $ctxt$2rdacontent 182 $cc$2rdamedia 183 $acr$2rdacarrier 200 10$aDesign and development of medical electronic instrumentation $ea practical perspective of the design, construction, and test of medical devices /$fDavid Prutchi, Michael Norris 205 $a1st ed. 210 $aHoboken, N.J. $cWiley-Interscience$dc2005 215 $a1 online resource (479 pages) 300 $aDescription based upon print version of record. 311 1 $a9780471676232 311 1 $a0471676233 320 $aIncludes bibliographical references and index. 327 $aDESIGN AND DEVELOPMENT OF MEDICAL ELECTRONIC INSTRUMENTATION; CONTENTS; PREFACE; DISCLAIMER; ABOUT THE AUTHORS; 1 BIOPOTENTIAL AMPLIFIERS; 2 BANDPASS SELECTION FOR BIOPOTENTIAL AMPLIFIERS; 3 DESIGN OF SAFE MEDICAL DEVICE PROTOTYPES; 4 ELECTROMAGNETIC COMPATIBILITY AND MEDICAL DEVICES; 5 SIGNAL CONDITIONING, DATA ACQUISITION, AND SPECTRAL ANALYSIS; 6 SIGNAL SOURCES FOR SIMULATION, TESTING, AND CALIBRATION; 7 STIMULATION OF EXCITABLE TISSUES; 8 CARDIAC PACING AND DEFIBRILLATION; EPILOGUE; APPENDIX A: SOURCES FOR MATERIALS AND COMPONENTS; APPENDIX B: ACCOMPANYING CD-ROM CONTENT; INDEX 330 $aDesign and Development of Medical Electronic Instrumentation fills a gap in the existing medical electronic devices literature by providing background and examples of how medical instrumentation is actually designed and tested. The book includes practical examples and projects, including working schematics, ranging in difficulty from simple biopotential amplifiers to computer-controlled defibrillators. Covering every stage of the development process, the book provides complete coverage of the practical aspects of amplifying, processing, simulating and evoking biopotentials. In addition, two ch 606 $aMedical instruments and apparatus$xDesign and construction 615 0$aMedical instruments and apparatus$xDesign and construction. 676 $a681/.761 700 $aPrutchi$b David$0888769 701 $aNorris$b Michael$01763538 712 02$aWiley Online Library (Servicio en línea) 801 0$bMiAaPQ 801 1$bMiAaPQ 801 2$bMiAaPQ 906 $aBOOK 912 $a9910819126903321 996 $aDesign and development of medical electronic instrumentation$94204039 997 $aUNINA